|
|
|
|
| LEADER |
00000nab#a22000007a#4500 |
| 001 |
arbauad001656 |
| 003 |
AR-BaUAD |
| 005 |
20250711110446.0 |
| 008 |
930726|||||||||###||||||b###|0###a|spa|| |
| 040 |
|
|
|a AR-BaUAD
|c AR-BaUAD
|b spa
|
| 100 |
|
|
|a Wajda, Andrzej
|
| 245 |
|
|
|a "Je suis tenté par le cinéma-vérité... " nous confie Andrzej Wajda /
|c Andrzej Wajda; Marcel Martin;
|
| 300 |
0 |
|
|b fot.
|
| 653 |
|
|
|a CINE
|
| 653 |
|
|
|a WAJDA, ANDRZEJ
|
| 653 |
|
|
|a DIRECTORES DE CINE
|
| 653 |
|
|
|a POLONIA
|
| 700 |
1 |
|
|a Martin, Marcel
|
| 773 |
0 |
|
|t CINEMA 62
|g no. 70 [nov. 1962], p. 59-61
|
| 942 |
|
|
|c ARTI
|
| 952 |
|
|
|0 0
|1 0
|4 0
|7 0
|9 46576
|a AR-BAuAD
|b AR-BAuAD
|d 2025-07-11
|l 0
|p AAQA001656
|r 2025-07-11 11:04:46
|w 2025-07-11
|y ARTI
|
| 990 |
|
|
|a C196
|b TD
|
| 998 |
|
|
|a AAQ
|b BIBUN76
|
| 999 |
|
|
|c 26249
|d 26249
|